000 00643nam a2200241Ia 4500
003 OSt
005 20220918174251.0
006 a|||||r|||| 00| 0
007 ta
008 220917b |||||||| |||| 00| 0 eng d
024 _a11,309
037 _cTextual
040 _aARTS
_cARTS
_beng
041 _2eng
_aeng
082 _aM3:(D), L4
100 _aGrossinger Tania
_949737
245 0 _aBook of gadgets illus by Susan Zises
260 _aNew York
_bDavid Mackay.
_c1974
300 _aviii,163p. illus
_ccm.
650 _aINDUSTRIAL ARTS
942 _hM3:(D), L4
_cTEXL
_2CC
999 _c152423
_d152423